00372nam a2200133Ia 4500003000400000008004100004020002300045040000800068100002000076245008800096260002800184300001500212365001100227LDD181029s9999 xx 000 0 und d a041540116Xc650.00 cLDD aDwivedi, Ranjit 0aConflict and collective actionbthe sardar sarovar project in IndiacRanjit Dwivedi aLondonbRoutledgec2006 axxxvi, 401 b650.00